000 00801cam a2200289 a 4500
001 1423427
003 OSt
005 20140310182718.0
008 840308s1984 nyu 000 0aeng
010 _a 84004654
020 _a0440108268
040 _aDLC
_cDLC
_dDLC
050 0 0 _aPS 3552
_b.B118 1989
082 0 0 _aM 813.54
_bB12b 1989
100 1 _aBach, Richard.
245 1 4 _aThe bridge across forever :
_ba lovestory /
_cBach, Richard
260 _aNew York :
_bDell Publishing,
_cc1984.
300 _a396 p.
_c17 cm.
521 _aCollege Students
526 _c1210L-1700L
541 _j1
562 _e1
600 1 0 _aBach, Richard.
650 0 _aAuthors, American
_y20th century
_xBiography.
906 _a7
_bcbc
_corignew
_d1
_eocip
_f19
_gy-gencatlg
942 _2lcc
_cBK
_kM
999 _c15302
_d15302